| 000 -LEADER |
| fixed length control field |
00927cam a2200313Ia 4500 |
| 001 - CONTROL NUMBER |
| control field |
00854056 |
| 003 - CONTROL NUMBER IDENTIFIER |
| control field |
OCoLC |
| 005 - DATE AND TIME OF LATEST TRANSACTION |
| control field |
20250310103732.0 |
| 008 - FIXED-LENGTH DATA ELEMENTS--GENERAL INFORMATION |
| fixed length control field |
950824s1995 enk 000 1 eng d |
| 015 ## - NATIONAL BIBLIOGRAPHY NUMBER |
| National bibliography number |
GB95-62850 |
| 020 ## - INTERNATIONAL STANDARD BOOK NUMBER |
| International Standard Book Number |
1853262323 : |
| 020 ## - INTERNATIONAL STANDARD BOOK NUMBER |
| International Standard Book Number |
9781853262326 |
| 040 ## - CATALOGING SOURCE |
| Original cataloging agency |
UUP |
| Transcribing agency |
UUP |
| Modifying agency |
UKM |
| -- |
OCL |
| -- |
OCLCQ |
| -- |
BTCTA |
| -- |
YDXCP |
| -- |
RCU |
| -- |
KH8 |
| 042 ## - AUTHENTICATION CODE |
| Authentication code |
nbic |
| 043 ## - GEOGRAPHIC AREA CODE |
| Geographic area code |
e-uk-en |
| 049 ## - LOCAL HOLDINGS (OCLC) |
| Holding library |
RCUA |
| 050 #4 - LIBRARY OF CONGRESS CALL NUMBER |
| Classification number |
PR4561 |
| Item number |
D548 |
| 082 04 - DEWEY DECIMAL CLASSIFICATION NUMBER |
| Classification number |
823.8 DIC |
| 100 1# - MAIN ENTRY--PERSONAL NAME |
| Personal name |
Dickens, Charles, |
| Dates associated with a name |
1812-1870, |
| Relator term |
author. |
| 245 10 - TITLE STATEMENT |
| Title |
Hard times / |
| Statement of responsibility, etc. |
Charles Dickens. |
| 260 ## - PUBLICATION, DISTRIBUTION, ETC. |
| Place of publication, distribution, etc. |
Ware : |
| Name of publisher, distributor, etc. |
Wordsworth classics, |
| Date of publication, distribution, etc. |
1c995. |
| 300 ## - PHYSICAL DESCRIPTION |
| Extent |
viii, 229 p. ; |
| Dimensions |
20 cm. |
| 490 0# - SERIES STATEMENT |
| Series statement |
Wordsworth Classics. |
| 500 ## - GENERAL NOTE |
| General note |
"Complete and unabridged"--Cover. |
| 651 #0 - SUBJECT ADDED ENTRY--GEOGRAPHIC NAME |
| Geographic name |
England |
| General subdivision |
Social conditions |
| Chronological subdivision |
19th century |
| Form subdivision |
Fiction. |
| 651 #0 - SUBJECT ADDED ENTRY--GEOGRAPHIC NAME |
| Geographic name |
England |
| General subdivision |
Social life and customs |
| Chronological subdivision |
19th century |
| Form subdivision |
Fiction. |
| 653 0# - INDEX TERM--UNCONTROLLED |
| Uncontrolled term |
English fiction. |
| 942 ## - ADDED ENTRY ELEMENTS (KOHA) |
| Source of classification or shelving scheme |
|
| Koha item type |
Books - Non Ficton |